Role of environmental factors / (Record no. 15443)

000 -LEADER
fixed length control field 00474cam a2200181 a 4500
020 ## - INTERNATIONAL STANDARD BOOK NUMBER
ISBN 0387101977 (U.S.)
040 ## - CATALOGING SOURCE
Transcribing agency DLC
082 00 - DEWEY DECIMAL CLASSIFICATION NUMBER
Classification number 581 SPR 1985 A063 Or.
-- 581
245 00 - TITLE STATEMENT
Title Role of environmental factors /
260 ## - PUBLICATION, DISTRIBUTION, ETC. (IMPRINT)
Place of publication Berlin ;
-- New York :
Name of publisher Springer-Verlag,
Year of publication c1985.
300 ## - PHYSICAL DESCRIPTION
Number of Pages xxii, 887 p. ;
Dimensions 25 cm.
650 #0 - SUBJECT ADDED ENTRY--TOPICAL TERM
Topical Term Plant hormones.
650 #0 - SUBJECT ADDED ENTRY--TOPICAL TERM
Topical Term Plant ecology.
700 1# - ADDED ENTRY--PERSONAL NAME
Personal name Pharis, R. P.,
700 1# - ADDED ENTRY--PERSONAL NAME
Personal name Reid, D. M.,
700 1# - ADDED ENTRY--PERSONAL NAME
Personal name Beall, F. D.
942 ## - ADDED ENTRY ELEMENTS (KOHA)
Koha item type សៀវភៅភាសាអង់គ្លេស
952 ## - LOCATION AND ITEM INFORMATION (KOHA)
Withdrawn status [LOCAL, KOHA] 0
Holdings
Permanent Location Date acquired Koha item type Lost status Shelving location Barcode Current Location Full call number
Library Block A2017-11-21សៀវភៅភាសាអង់គ្លេស A063A07170Library Block A581 SPR 1985 A063 Or.
មជ្ឈមណ្ឌលឯការនៃសាកលវិទ្យាល័យភូមិន្ទកសិកម្មចំការដូង

Powered by Koha